| 000 | 00866nam a2200265Ia 4500 | ||
|---|---|---|---|
| 005 | 20211108100057.0 | ||
| 008 | 130821s1961 sp fr spa d | ||
| 020 | _a8430905073 | ||
| 020 | _z[9788430905072] | ||
| 040 |
_aCo-BoUCM _bspa _cSaul Niño (Modificó) _dSaul Niño |
||
| 041 | 1 |
_aspa _heng |
|
| 100 | 1 |
_aNagel, Ernest _978629 |
|
| 245 | 1 | 3 |
_aLa lógica sin metafísica _cErnest Nagel ; traducción de Jaime Melgar Botassis |
| 260 |
_aMadrid (España) _bTecnos _c1961 |
||
| 300 | _a362 páginas | ||
| 490 |
_aEstructura y Función _v5 |
||
| 650 | 0 | 4 |
_aLógica _918789 |
| 650 | 7 |
_aVerdad _xFilosofía _940045 |
|
| 650 | 7 |
_aMetafísica _919397 |
|
| 690 | 0 |
_aFilosofía _975 |
|
| 700 | 1 |
_aMelgar Botassis, Jaime _etraductor _9121120 |
|
| 765 | _aLogic without metapsysics | ||
| 942 |
_cLIBRO _a2 _e1 _mN147 _n0 _2DEWEY _h160 |
||
| 999 |
_c4506 _d4506 |
||